Teatro y traducción
שמור ב:
| Main Authors: | , |
|---|---|
| פורמט: | ספר |
| שפה: | ספרדית |
| יצא לאור: |
Barcelona
Universitat Pompeu Fabra
1995
|
| נושאים: | |
| תגים: |
הוספת תג
אין תגיות, היה/י הראשונ/ה לתייג את הרשומה!
|
MARC
| LEADER | 00000nam a2200000 a 4500 | ||
|---|---|---|---|
| 001 | UCP9569 | ||
| 003 | CL-VaPUC | ||
| 008 | 000331e19950000SP |||||||||||||||||spa|d | ||
| 082 | 0 | 4 | |a 418.02 |b LAF |2 21 |
| 100 | 0 | |a Lafarga, Francisco |e author |9 440197 | |
| 700 | 0 | |a Dengler, Roberto |e author |9 440198 | |
| 245 | 1 | 0 | |a Teatro y traducción |
| 300 | |a 431 p | ||
| 942 | |c BK | ||
| 945 | |d 20000331 00:00:00 |a rbrito | ||
| 260 | |a Barcelona |b Universitat Pompeu Fabra |c 1995 | ||
| 650 | 0 | |a Traducción |9 357261 | |
| 650 | 0 | |a Interpretación |9 258846 | |
| 650 | 0 | |a Lingüística aplicada |9 313266 | |
| 650 | 0 | |a Crítica literaria |9 269189 | |
| 650 | 0 | |a Teatro |9 265385 | |
| 650 | 0 | |a Historia y crítica |9 257407 | |
| 650 | 7 | |a OBRA DRAMATICA |2 CL-VaPUC |9 440199 | |
| 583 | |a last modification |c 20000331 00:00:00 |k Rodrigo Vera | ||
| 999 | |c 286368 |d 286366 | ||
| 952 | |0 0 |1 0 |4 0 |6 418_020000000000000_LAF_1995 |7 0 |8 R |9 332154 |a BIBEDU |b BIBEDU |c MCIRC |d 2019-11-20 |i 3603806 |o 418.02 LAF 1995 |p 3603806 |r 2023-01-13 |w 2019-11-20 |y BK_R |k CIT | ||